Normal view
MARC view
Entry Personal Name
001 - CONTROL NUMBER
- control field: 17319
003 - CONTROL NUMBER IDENTIFIER
- control field: OSt
005 - DATE AND TIME OF LATEST TRANSACTION
- control field: 20240617111425.0
008 - FIXED-LENGTH DATA ELEMENTS
- fixed length control field: 240617|| aca||aabn | a|a d
040 ## - CATALOGING SOURCE
- Original cataloging agency: OSt
- Transcribing agency: OSt
100 ## - HEADING--PERSONAL NAME
- Personal name: Stephenson, G.
- Fuller form of name: (Geoffrey),
- Dates associated with a name: 1927-1954
670 ## - SOURCE DATA FOUND
- Source citation: Work cat.: (OSt)8528: Stephenson, G. (Geoffrey), 1927-1954., Advanced mathematical methods for engineering and science students /, 1990.
